Freedom from Violence and Lies (Record no. 10463)

MARC details
000 -LEADER
fixed length control field 00591nam a2200133Ia 4500
008 - FIXED-LENGTH DATA ELEMENTS--GENERAL INFORMATION
fixed length control field 220615s9999||||xx |||||||||||||| ||und||
100 ## - MAIN ENTRY--PERSONAL NAME
Personal name Karlinsky, Simon
245 #0 - TITLE STATEMENT
Title Freedom from Violence and Lies
Remainder of title Essays on Russian Poetry and Music
546 ## - LANGUAGE NOTE
Language note English[eng]
650 ## - SUBJECT ADDED ENTRY--TOPICAL TERM
Topical term or geographic name entry element Arts||Literary Criticism||Alexander Pushkin||Igor Stravinsky||Soviet Union
700 ## - ADDED ENTRY--PERSONAL NAME
Personal name Hughes, Robert P.||Koster, Thomas A.||Taruskin, Richard A.
856 ## - ELECTRONIC LOCATION AND ACCESS
Uniform Resource Identifier <a href="https://library.oapen.org/bitstream/20.500.12657/30917/1/641424.pdf||https://library.oapen.org/bitstream/20.500.12657/30917/1/641424.pdf">https://library.oapen.org/bitstream/20.500.12657/30917/1/641424.pdf||https://library.oapen.org/bitstream/20.500.12657/30917/1/641424.pdf</a>
942 ## - ADDED ENTRY ELEMENTS (KOHA)
Koha item type E-Books
Holdings
Withdrawn status Lost status Damaged status Not for loan Home library Current library Date acquired Total Checkouts Date last seen Price effective from Koha item type
        Kerala University of Digital Sciences, Innovation and Technology Knowledge Centre Kerala University of Digital Sciences, Innovation and Technology Knowledge Centre 15/06/2022   15/06/2022 15/06/2022 E-Books